000 00758nam a2200229 u 4500
005 20240910063859.0
008 081203s2005 cl r 000 0 spa d
020 _a9806915356
035 _aUPN01000168307
049 _aI
050 4 _aPZ75
_bG6.4
100 1 _aGonzález, Marlenys
_933595
245 1 0 _aEstrenando cuaderno /
_cMarlenys González, Margarita Palacios y Sylvia Silva ; il. Margarita Martínez.
260 _aBogotá :
_bEl Nacional,
_cc2005.
300 _a31 p. :
_bil. col.
440 0 _aBrújula de papel.
_pLengua y literatura ;
_v21
650 4 _aDiarios y niños
_912416
650 0 _aCuentos infantiles colombianos
_94407
700 1 _aPalacios, Margarita,
_ecoaut.
_941856
700 1 _aSilva, Sylvia,
_ecoaut.
905 _aInfantil
999 _c140414
_d140414